| 000 | 00983nam a2200241Ia 4500 | ||
|---|---|---|---|
| 999 |
_c4255 _d4255 |
||
| 003 | OSt | ||
| 005 | 20200617163927.0 | ||
| 008 | 191128s1980 rur gr 000 0 spa d | ||
| 040 |
_aCO-JMCR _cCO-JMCR |
||
| 041 | 0 | _aspa | |
| 082 | 0 | 4 |
_a330.15 / _bA256e _223 |
| 100 |
_aAfanásiev, L., _eautor _95738 |
||
| 245 | 1 | 0 |
_aEconomía política del capitalismo / _cL. Afanásiev, N. Andréev, M. Auséneu, G. Chérnikov [y otros 10] |
| 260 |
_aMoscú : _bEditorial Progreso, _c1980. |
||
| 300 |
_a359 páginas ; _c20 cm. |
||
| 505 | 0 | _aEtapas fundamentales del desarrollo del capitalismo. Tipos de economía clases y grupos sociales del mundo capitalista y moderno -- Producción mercantil -- Esencia de la explotación capitalista -- La acumulación del capital. | |
| 650 | 1 | 4 |
_aCapitalismo _95739 |
| 650 | 2 | 4 |
_aEconomía política _95740 |
| 700 | 1 |
_aAndréev, N., _eautor _95741 |
|
| 700 | 1 |
_aAuséneu, M., _eautor _95742 |
|
| 700 | 1 |
_aChérnicov, G., _eautor _95743 |
|
| 942 |
_2ddc _cBK |
||